| 000 | 00521nam a22001937a 4500 | ||
|---|---|---|---|
| 005 | 20220702093144.0 | ||
| 008 | 220702b ||||| |||| 00| 0 eng d | ||
| 020 | _a0006540260 | ||
| 040 | _cAL | ||
| 041 | _aEnglish | ||
| 082 |
_223 _a335.009 _bLICS |
||
| 100 |
_aGeorge Lichtheim _946631 |
||
| 245 | _aShort History of Socialism | ||
| 260 |
_aGreat Britain _bFontana Paperbacks _c1983 |
||
| 300 |
_a388 p. _bPB _c20x12.5 cm. |
||
| 650 |
_aSocialism _946632 |
||
| 700 |
_aLICHTHEIM (George) _946633 |
||
| 942 |
_2ddc _cGF |
||
| 999 |
_c223573 _d223573 |
||